000 00315nam a22001457a 4500
008 230321b ||||| |||| 00| 0 eng d
020 _a9780573010989
041 _aeng
080 _a159.9
082 _a159.9RAT
100 _a25
101 _aPSI
245 _aTHE DEEP BLUE SEA
_cRATTIGAN .T
942 _2udc
_cBK
999 _c59415
_d59415